| Tag |
First Indicator |
Second Indicator |
Subfields |
| LEADER |
00000cam a2200000Ia 4500 |
| 001 |
in00002811307 |
| 005 |
20151203084316.0 |
| 007 |
co cgu|||||||| |
| 008 |
130211s2013 enkab b 000 0 eng d |
| 020 |
|
|
|a 9781407310718 (pbk.)
|
| 020 |
|
|
|a 1407310712 (pbk.)
|
| 035 |
|
|
|a (OCoLC)ocn828198417
|
| 035 |
|
|
|a (OCoLC)828198417
|
| 040 |
|
|
|a CDX
|c CDX
|d OCLCO
|d TXA
|d UtOrBLW
|
| 049 |
|
|
|a TXAM
|
| 050 |
|
4 |
|a CC75.7
|b .W58 2013
|
| 082 |
0 |
4 |
|a 930.1028
|
| 100 |
1 |
|
|a Wittur, Joyce.
|
| 245 |
1 |
0 |
|a Computer-generated 3D-visualisations in archaeology :
|b between added value and deception /
|c Joyce Wittur.
|
| 264 |
|
1 |
|a Oxford :
|b Archaeopress,
|c 2013.
|
| 300 |
|
|
|a xviii, 276 pages :
|b illustrations, maps ;
|c 30 cm. +
|e 1 CD-ROM (4 3/4 in.)
|
| 336 |
|
|
|a text
|b txt
|2 rdacontent
|
| 337 |
|
|
|a computer
|b c
|2 rdamedia
|
| 338 |
|
|
|a computer disc
|b cd
|2 rdacarrier
|
| 490 |
1 |
|
|a BAR international series ;
|v 2463
|
| 504 |
|
|
|a Includes bibliographical references.
|
| 650 |
|
0 |
|a Excavations (Archaeology)
|x Methodology.
|
| 650 |
|
0 |
|a Three-dimensional imaging.
|
| 830 |
|
0 |
|a BAR international series ;
|v 2463.
|
| 994 |
|
|
|a C0
|b TXA
|
| 948 |
|
|
|a cataloged
|b h
|c 2013/2/26
|d c
|e nbehmer
|f 12:38:51 pm
|
| 999 |
|
|
|a MARS
|
| 999 |
f |
f |
|s f9287c99-13f3-3ec7-9832-a91f516fba1b
|i 35665cf5-ac47-3e64-9bfc-c69e1711f19b
|t 0
|
| 952 |
f |
f |
|p normal
|a Texas A&M University
|b College Station
|c Sterling C. Evans Library
|d Evans: Library Stacks
|t 0
|e CC75.7 .W58 2013
|h Library of Congress classification
|i computer -- computer disc
|m A14841760797
|
| 998 |
f |
f |
|a CC75.7 .W58 2013
|t 0
|l Evans: Library Stacks
|